00257nam a2200109Ia 4500008004100000100002000041245003700061250000800098260002500106300000800131650000800139191201s2013 xx 000 0 und d aMURPHY, Herta A 0aEffective Business Communication aRep aNew DelhibTMHc2013 a619 aBBA